[Event "CRO-chT2 West"]
[Site "Croatia"]
[Date "2017.03.25"]
[Round "1.3"]
[White "Fattorich, Igor"]
[Black "Racki, Barbara"]
[Result "1-0"]
[WhiteElo "1939"]
[BlackElo "1896"]
[PlyCount "71"]
[EventDate "2017.03.25"]
[EventType "team-tourn"]
[EventRounds "9"]
[EventCountry "CRO"]
[SourceTitle "EXT 2020"]
[Source "ChessBase"]
[SourceDate "2019.10.17"]
[SourceVersion "1"]
[SourceVersionDate "2019.10.17"]
[SourceQuality "1"]

1. d4 Nf6 2. Nf3 d6 3. Nc3 Nbd7 4. e4 e5 5. Bg5 c6 6. Bc4 Be7 7. 0-0 0-0 8. Bb3 a6 9. a4 b6 10. Qe2 Qc7 11. Rfe1 Bb7 12. Rad1 b5 13. axb5 axb5 14. d5 b4 15. dxc6 Bxc6 16. Bxf6 Nxf6 17. Nd5 Nxd5 18. Bxd5 Bxd5 19. Rxd5 Rfc8 20. Rb5 Qxc2 21. Rxb4 f6 22. Rb7 Qxe2 23. Rxe2 Bd8 24. h3 Ra1+ 25. Kh2 Kf8 26. Nh4 Rac1 27. Nf5 Bc7 28. Rd2 g6 29. Ne3 Rc6 30. b4 h5 31. Nd5 Bd8 32. f3 f5 33. Ra2 f4 34. Raa7 Rc2 35. Rf7+ Ke8 36. Rh7 1-0

[Event "Opatija op 2nd"]
[Site "Opatija"]
[Date "2014.07.06"]
[Round "9"]
[White "Racki, Barbara"]
[Black "Tica, Sven"]
[Result "0-1"]
[WhiteElo "1906"]
[BlackElo "2177"]
[PlyCount "60"]
[EventDate "2014.06.29"]
[EventType "swiss"]
[EventRounds "9"]
[EventCountry "CRO"]
[SourceTitle "CBM 161 Extra"]
[Source "ChessBase"]
[SourceDate "2014.08.29"]
[SourceVersion "1"]
[SourceVersionDate "2014.08.29"]
[SourceQuality "1"]

1. Nf3 d5 2. g3 Nf6 3. Bg2 c5 4. 0-0 Nc6 5. d3 g6 6. Nbd2 Bg7 7. c3 0-0 8. e4 e5 9. Re1 h6 10. Qc2 Be6 11. exd5 Nxd5 12. Nc4 Qc7 13. a4 Rad8 14. Be3 Ndb4 15. cxb4 Nxb4 16. Qe2 Nxd3 17. Ncd2 Nxe1 18. Rxe1 f5 19. Nc4 Bd5 20. Qc2 Rfe8 21. b3 Kh7 22. Bc1 Be4 23. Qa2 Bd3 24. Bf1 Qc6 25. Nfxe5 Bxe5 26. Nxe5 Rxe5 27. Rxe5 Bxf1 28. Re7+ Kg8 29. b4+ c4 30. Kxf1 Qh1+ 0-1

[Event "Opatija op 2nd"]
[Site "Opatija"]
[Date "2014.06.29"]
[Round "1"]
[White "Jovanic, Ognjen"]
[Black "Racki, Barbara"]
[Result "1-0"]
[WhiteElo "2489"]
[BlackElo "1906"]
[PlyCount "31"]
[EventDate "2014.06.29"]
[EventType "swiss"]
[EventRounds "9"]
[EventCountry "CRO"]
[SourceTitle "CBM 161 Extra"]
[Source "ChessBase"]
[SourceDate "2014.08.29"]
[SourceVersion "1"]
[SourceVersionDate "2014.08.29"]
[SourceQuality "1"]

1. Nf3 Nf6 2. c4 d6 3. d4 Nbd7 4. Nc3 c6 5. Bg5 Qc7 6. e3 e5 7. Qc2 Be7 8. Bd3 Nf8 9. h3 g6 10. Rd1 h6 11. Bh4 Nh5 12. Bxe7 Qxe7 13. Be2 Bf5 14. Qa4 Bd7 15. dxe5 dxe5 16. Ne4 1-0

[Event "Rijeka Liburnija op 05"]
[Site "Rijeka"]
[Date "2014.05.27"]
[Round "9"]
[White "Racki, Barbara"]
[Black "Levar, Nenad"]
[Result "0-1"]
[WhiteElo "1925"]
[BlackElo "2100"]
[PlyCount "75"]
[EventDate "2014.05.20"]
[EventType "swiss"]
[EventRounds "9"]
[EventCountry "CRO"]
[SourceTitle "CBM 160 Extra"]
[Source "ChessBase"]
[SourceDate "2014.07.01"]
[SourceVersion "1"]
[SourceVersionDate "2014.07.01"]
[SourceQuality "1"]

1. e4 e6 2. d4 d5 3. exd5 exd5 4. Bd3 Bd6 5. Nf3 Qe7+ 6. Be3 Bf4 7. Qd2 Bxe3 8. fxe3 f5 9. Nc3 Nf6 10. 0-0-0 Nc6 11. Rde1 Bd7 12. Nxd5 Qd6 13. Nxf6+ Qxf6 14. e4 0-0-0 15. e5 Qe7 16. c3 Be6 17. Ng5 Bxa2 18. Bxf5+ Kb8 19. Bxh7 Na5 20. Bc2 c5 21. e6 cxd4 22. Qf4+ Ka8 23. Nf7 Rhf8 24. Qe5 Nc6 25. Qe2 Rc8 26. c4 Na5 27. Qe5 Nc6 28. Qd5 d3 29. Qxd3 Nb4 30. Qd7 Qh4 31. Re4 Qf2 32. Qd2 Qc5 33. Nd6 Rf2 34. Re2 Rxe2 35. Qxe2 Qxd6 36. e7 Qf4+ 37. Qd2 Qxc4 38. Re1 0-1

[Event "Rijeka Liburnija op 05"]
[Site "Rijeka"]
[Date "2014.05.26"]
[Round "8"]
[White "Racki, Barbara"]
[Black "Cucancic, Sinisa"]
[Result "1/2-1/2"]
[WhiteElo "1925"]
[BlackElo "2273"]
[PlyCount "94"]
[EventDate "2014.05.20"]
[EventType "swiss"]
[EventRounds "9"]
[EventCountry "CRO"]
[SourceTitle "CBM 160 Extra"]
[Source "ChessBase"]
[SourceDate "2014.07.01"]
[SourceVersion "1"]
[SourceVersionDate "2014.07.01"]
[SourceQuality "1"]

1. e4 c5 2. c3 e6 3. d4 d5 4. exd5 exd5 5. Nf3 Nf6 6. Bd3 c4 7. Bc2 Bd6 8. 0-0 0-0 9. b3 cxb3 10. axb3 Nc6 11. Re1 h6 12. Nbd2 Qc7 13. Ba3 Bxa3 14. Rxa3 Bg4 15. h3 Bh5 16. Qc1 Rfe8 17. Ra1 Rxe1+ 18. Nxe1 Re8 19. Qb2 a6 20. Bd3 Ne4 21. Nxe4 dxe4 22. Be2 Bg6 23. Nc2 f5 24. Rd1 f4 25. d5 Ne5 26. Nd4 Nd3 27. Qa1 Qe5 28. c4 e3 29. f3 Nc5 30. b4 Nd7 31. Ne6 Qxa1 32. Rxa1 Bf7 33. Nxf4 Ne5 34. Ra3 g5 35. Ne6 Bxe6 36. dxe6 Rxe6 37. Rxe3 Nxf3+ 38. Kf2 Ne5 39. Bf3 Re7 40. Bxb7 Rxb7 41. Rxe5 Rxb4 42. Ra5 Rb6 43. Kg3 Kf7 44. h4 Kf6 45. hxg5+ hxg5 46. Kg4 Re6 47. c5 Kg6 1/2-1/2

[Event "Rijeka Liburnija op 05"]
[Site "Rijeka"]
[Date "2014.05.25"]
[Round "6"]
[White "Tomulic, Teo"]
[Black "Racki, Barbara"]
[Result "1/2-1/2"]
[WhiteElo "1822"]
[BlackElo "1925"]
[PlyCount "45"]
[EventDate "2014.05.20"]
[EventType "swiss"]
[EventRounds "9"]
[EventCountry "CRO"]
[SourceTitle "CBM 160 Extra"]
[Source "ChessBase"]
[SourceDate "2014.07.01"]
[SourceVersion "1"]
[SourceVersionDate "2014.07.01"]
[SourceQuality "1"]

1. e4 d6 2. f4 Nd7 3. Nf3 Ngf6 4. Nc3 e6 5. d4 g6 6. h3 Bg7 7. Be3 0-0 8. Qd2 a6 9. g4 b5 10. b4 Bb7 11. Bd3 c5 12. a3 c4 13. g5 Nh5 14. Be2 Ng3 15. Kf2 Nxe4+ 16. Nxe4 Bxe4 17. c3 Nb6 18. h4 e5 19. dxe5 Nd5 20. Qd4 dxe5 21. Qxe4 Nxc3 22. Qc2 exf4 23. Bxf4 1/2-1/2

[Event "Mediterranean op 6th"]
[Site "Rijeka"]
[Date "2013.12.04"]
[Round "6"]
[White "Monjac, Mislav"]
[Black "Racki, Barbara"]
[Result "1-0"]
[WhiteElo "2158"]
[BlackElo "1900"]
[PlyCount "95"]
[EventDate "2013.11.30"]
[EventType "swiss"]
[EventRounds "9"]
[EventCountry "CRO"]
[SourceTitle "CBM 157 Extra"]
[Source "ChessBase"]
[SourceDate "2013.12.19"]
[SourceVersion "1"]
[SourceVersionDate "2013.12.19"]
[SourceQuality "1"]

1. e4 d6 2. d4 Nd7 3. Nf3 c6 4. c4 e5 5. Nc3 Ngf6 6. Be2 Qc7 7. 0-0 Be7 8. h3 Nf8 9. Be3 Ng6 10. Rc1 0-0 11. b4 Nh5 12. Nxe5 dxe5 13. Bxh5 exd4 14. Bxd4 Bxb4 15. Qb3 Be7 16. Rfd1 Nf4 17. Bf3 Ne6 18. Be3 Nc5 19. Qb2 b6 20. Ne2 Bb7 21. Bf4 Qc8 22. Bg4 Ne6 23. Nd4 c5 24. Nf5 Qe8 25. Nxe7+ Qxe7 26. Bd6 Qg5 27. Bxe6 fxe6 28. Bxf8 Rxf8 29. Qe2 Qf4 30. Qe3 Qxe3 31. fxe3 Bxe4 32. Rd7 Rf6 33. Rf1 Rxf1+ 34. Kxf1 a6 35. a4 Bc2 36. Rd6 Bxa4 37. Rxb6 e5 38. Rxa6 Bb3 39. Ra5 Bxc4+ 40. Kf2 Bd3 41. Rxc5 e4 42. Rc7 Kf8 43. g4 Bb5 44. Kg3 Be8 45. Kf4 Bg6 46. h4 h6 47. h5 Bh7 48. Ke5 1-0

[Event "Mediterranean op 6th"]
[Site "Rijeka"]
[Date "2013.12.03"]
[Round "5"]
[White "Racki, Barbara"]
[Black "Sajn, Simon"]
[Result "0-1"]
[WhiteElo "1900"]
[BlackElo "2035"]
[PlyCount "96"]
[EventDate "2013.11.30"]
[EventType "swiss"]
[EventRounds "9"]
[EventCountry "CRO"]
[SourceTitle "CBM 157 Extra"]
[Source "ChessBase"]
[SourceDate "2013.12.19"]
[SourceVersion "1"]
[SourceVersionDate "2013.12.19"]
[SourceQuality "1"]

1. e4 c5 2. c3 Nf6 3. e5 Nd5 4. d4 cxd4 5. Nf3 Nc6 6. cxd4 d6 7. Bc4 Nb6 8. Bb5 d5 9. Qc2 Qc7 10. a4 a5 11. Bf4 Bd7 12. 0-0 Rc8 13. Rc1 Qd8 14. e6 Bxe6 15. Ne5 Bd7 16. Nxd7 Nxd7 17. Nd2 e6 18. Nf3 Be7 19. Qd2 0-0 20. Bxc6 bxc6 21. Rc2 c5 22. Rac1 c4 23. Qe3 Nb6 24. Ne5 Nxa4 25. b3 Nb6 26. bxc4 Nxc4 27. Nxc4 Rxc4 28. Rxc4 dxc4 29. Rxc4 Qb6 30. h3 Qb5 31. Rc7 Bf6 32. Rc5 Qb1+ 33. Kh2 Qb4 34. Be5 Bxe5+ 35. Qxe5 Ra8 36. Rb5 Qa3 37. Rb8+ Rxb8 38. Qxb8+ Qf8 39. Qb5 Qa8 40. Qa4 g6 41. Kh1 Qa7 42. d5 exd5 43. Qe8+ Kg7 44. Qe5+ f6 45. Qxd5 a4 46. Qa2 a3 47. g4 Qb7+ 48. Kh2 Qb2 0-1

[Event "Wch U20 Girls 31st"]
[Site "Kocaeli"]
[Date "2013.09.23"]
[Round "10"]
[White "Racki, Barbara"]
[Black "Sen, Beril Berfin"]
[Result "1-0"]
[WhiteElo "1946"]
[BlackElo "1609"]
[PlyCount "127"]
[EventDate "2013.09.13"]
[EventType "swiss"]
[EventRounds "13"]
[EventCountry "TUR"]
[SourceTitle "CBM 156 Extra"]
[Source "ChessBase"]
[SourceDate "2013.10.22"]
[SourceVersion "1"]
[SourceVersionDate "2013.10.22"]
[SourceQuality "1"]

1. Nf3 d5 2. d3 c5 3. Nbd2 Nc6 4. c3 e5 5. e4 d4 6. Be2 Nf6 7. Nf1 Be7 8. Ng3 0-0 9. c4 Be6 10. 0-0 Ne8 11. b3 Nd6 12. Bd2 f5 13. exf5 Nxf5 14. Ne4 h6 15. h3 b6 16. Nh2 Nd6 17. Bf3 Rc8 18. g4 Bh4 19. Qe2 Ne7 20. Nxd6 Qxd6 21. Be4 Bd7 22. Nf3 Bf6 23. Rae1 Bc6 24. g5 Bxe4 25. Qxe4 hxg5 26. Nxg5 Bxg5 27. Bxg5 Ng6 28. Kh2 Qc6 29. h4 Qxe4 30. Rxe4 Rce8 31. Kg3 Ne7 32. Rfe1 Nc6 33. a3 Na5 34. b4 cxb4 35. axb4 Nc6 36. Bd2 Rf5 37. b5 Nd8 38. f4 Ne6 39. Rxe5 Rxe5 40. Rxe5 Kf7 41. f5 Nc5 42. Rxe8 Kxe8 43. Kf4 Nxd3+ 44. Ke4 Nc5+ 45. Kxd4 Nb3+ 46. Kc3 Nxd2 47. Kxd2 Kf7 48. Ke3 Ke7 49. Ke4 Kf6 50. Kf4 Ke7 51. Ke5 Kf7 52. Kd6 Kf6 53. Kc7 Kxf5 54. Kb7 Kg4 55. Kxa7 Kxh4 56. Kxb6 g5 57. Kc7 g4 58. b6 g3 59. b7 g2 60. b8Q g1Q 61. Qh8+ Kg3 62. Qg7+ Kf2 63. Qxg1+ Kxg1 64. Kd6 1-0

[Event "Wch U20 Girls 31st"]
[Site "Kocaeli"]
[Date "2013.09.19"]
[Round "7"]
[White "Anjana Krishna, Sreela"]
[Black "Racki, Barbara"]
[Result "1-0"]
[WhiteElo "1881"]
[BlackElo "1946"]
[PlyCount "38"]
[EventDate "2013.09.13"]
[EventType "swiss"]
[EventRounds "13"]
[EventCountry "TUR"]
[SourceTitle "CBM 156 Extra"]
[Source "ChessBase"]
[SourceDate "2013.10.22"]
[SourceVersion "1"]
[SourceVersionDate "2013.10.22"]
[SourceQuality "1"]

1. e4 c5 2. c3 Nf6 3. e5 Nd5 4. d4 cxd4 5. Qxd4 e6 6. Nf3 Nc6 7. Qe4 d6 8. Bb5 Bd7 9. c4 Nb6 10. exd6 Bxd6 11. 0-0 a6 12. Rd1 axb5 13. cxb5 Ne7 14. Rxd6 Ned5 15. Nc3 Qe7 16. Rxb6 Nxb6 17. Qxb7 Qd6 18. Be3 Rb8 19. Ne4 Ra8 1-0

[Event "Wch U20 Girls 31st"]
[Site "Kocaeli"]
[Date "2013.09.17"]
[Round "5"]
[White "Ichimura G Barbosa, Larissa Yuki"]
[Black "Racki, Barbara"]
[Result "1-0"]
[WhiteElo "1868"]
[BlackElo "1946"]
[PlyCount "51"]
[EventDate "2013.09.13"]
[EventType "swiss"]
[EventRounds "13"]
[EventCountry "TUR"]
[SourceTitle "CBM 156 Extra"]
[Source "ChessBase"]
[SourceDate "2013.10.22"]
[SourceVersion "1"]
[SourceVersionDate "2013.10.22"]
[SourceQuality "1"]

1. e4 e5 2. Nf3 Nc6 3. Bc4 Bc5 4. c3 Nf6 5. d3 a6 6. Bb3 Ba7 7. Nbd2 0-0 8. h3 h6 9. Nf1 Nh5 10. g3 d6 11. Ne3 Be6 12. Nh4 Nf6 13. Bd2 d5 14. Bc2 Qd7 15. Nef5 dxe4 16. dxe4 Rad8 17. Rh2 Ne7 18. Nxe7+ Qxe7 19. Qe2 Rd7 20. Nf3 Rfd8 21. Kf1 Rd6 22. b3 b5 23. Rd1 Bc8 24. Kg2 Qe6 25. Rhh1 Nh7 26. c4 1-0

[Event "Jastrzebskie op"]
[Site "Ustron"]
[Date "2013.08.26"]
[Round "4"]
[White "Racki, Barbara"]
[Black "Tomasic, Roland"]
[Result "1/2-1/2"]
[WhiteElo "1946"]
[BlackElo "2070"]
[PlyCount "182"]
[EventDate "2013.08.25"]
[EventType "swiss"]
[EventRounds "7"]
[EventCountry "POL"]
[SourceTitle "CBM 156 Extra"]
[Source "ChessBase"]
[SourceDate "2013.10.22"]
[SourceVersion "1"]
[SourceVersionDate "2013.10.22"]
[SourceQuality "1"]

1. e4 c5 2. c3 d6 3. d4 Nf6 4. Bd3 Nc6 5. Nf3 Bg4 6. Be3 cxd4 7. cxd4 g6 8. Nbd2 Bg7 9. 0-0 0-0 10. h3 Bd7 11. Re1 Nb4 12. Bb1 Nc6 13. a3 d5 14. e5 Ne8 15. Ba2 Nc7 16. Nb3 f6 17. Bf4 Ne6 18. Bh2 f5 19. Rc1 Kh8 20. Nc5 Nxc5 21. Rxc5 e6 22. Bf4 h6 23. h4 Rg8 24. Qc1 Kh7 25. b4 a6 26. Rc2 Qb6 27. Qd2 a5 28. b5 Qxb5 29. Rb1 Qa6 30. Rcb2 Rab8 31. Rb6 Qa7 32. Ne1 Ne7 33. Qb2 Bc6 34. Nd3 Rbe8 35. Nc5 Nc8 36. Rb3 b6 37. Nd3 Re7 38. Ne1 b5 39. Nd3 Nb6 40. Qc1 Nc4 41. Nc5 Ree8 42. Rh3 Bf8 43. Bxc4 bxc4 44. Be3 h5 45. Qd1 Rg7 46. Qf3 Bxc5 47. dxc5 Rb7 48. Rxb7+ Qxb7 49. Qf4 Qg7 50. Bd2 a4 51. Rg3 Rb8 52. Bb4 Qh6 53. Rg5 Qf8 54. Rg3 Rb7 55. Kh2 Rd7 56. Qc1 Qh6 57. Rg5 Qg7 58. f4 Qe7 59. Qc3 Qd8 60. Qd4 Rb7 61. Qc3 Bb5 62. Qd4 Bc6 63. Qc3 Qb8 64. Rg3 Rb5 65. Rg5 Qa7 66. Qg3 Be8 67. Qe3 Qd7 68. Qd4 Qa7 69. Qe3 Qb8 70. Qc3 Qa8 71. Rg3 Qd8 72. Kh3 Bc6 73. Qd4 Qb8 74. Qc3 Qb7 75. Kh2 Qe7 76. Kh3 Qa7 77. Qd4 Qb7 78. Qc3 Qd7 79. Qd4 Rb7 80. Rc3 Qd8 81. Rg3 Qd7 82. Rc3 Rxb4 83. axb4 Qb7 84. Qe3 Qxb4 85. Kh2 Qb2 86. Qg3 Qd2 87. Qg5 Qxc3 88. Qe7+ Kg8 89. Qxe6+ Kh7 90. Qf7+ Kh8 91. Qf8+ Kh7 1/2-1/2

[Event "CRO-ch U19 Girls"]
[Site "Vukovar"]
[Date "2013.07.27"]
[Round "6"]
[White "Vujnovic, Patricija"]
[Black "Racki, Barbara"]
[Result "1-0"]
[WhiteElo "2073"]
[BlackElo "1955"]
[PlyCount "77"]
[EventDate "2013.07.22"]
[EventType "tourn"]
[EventRounds "6"]
[EventCountry "CRO"]
[SourceTitle "EXT 2014"]
[Source "ChessBase"]
[SourceDate "2013.11.20"]
[SourceVersion "1"]
[SourceVersionDate "2013.11.20"]
[SourceQuality "1"]

1. Nf3 Nf6 2. b3 d6 3. d4 Nbd7 4. Bb2 c6 5. Nbd2 Qc7 6. e4 e5 7. c4 exd4 8. Bxd4 Ne5 9. Be2 Be7 10. 0-0 0-0 11. Qc2 b6 12. b4 Ng6 13. Rfe1 Re8 14. Bf1 Nd7 15. Nb3 c5 16. Bc3 Bb7 17. bxc5 dxc5 18. g3 Nde5 19. Nxe5 Nxe5 20. Nd2 Rad8 21. f4 Nc6 22. Nf3 Nd4 23. Bxd4 cxd4 24. Bd3 Bc5 25. Nd2 Qc6 26. f5 g6 27. Rf1 Re5 28. Qd1 Rde8 29. Qg4 Qc8 30. Rf4 Bd6 31. Raf1 Ra5 32. R4f2 Rxa2 33. Qg5 Qd8 34. Qh6 Bf8 35. Qh3 Ra3 36. fxg6 fxg6 37. Rf7 Bg7 38. Rxb7 Qg5 39. Qd7 1-0

[Event "CRO-chT2 West"]
[Site "Croatia"]
[Date "2013.03.16"]
[Round "1.44"]
[White "Racki, Barbara"]
[Black "Tica, Sven"]
[Result "0-1"]
[WhiteElo "1930"]
[BlackElo "1957"]
[PlyCount "106"]
[EventDate "2013.03.16"]
[EventType "team-tourn"]
[EventRounds "9"]
[EventCountry "CRO"]
[SourceTitle "EXT 2019"]
[Source "ChessBase"]
[SourceDate "2018.10.10"]
[SourceVersion "1"]
[SourceVersionDate "2018.10.10"]
[SourceQuality "1"]
[WhiteTeam "Ravna Gora Goranka"]
[BlackTeam "Rijeka CC II"]
[WhiteTeamCountry "CRO"]
[BlackTeamCountry "CRO"]

1. e4 c5 2. c3 d5 3. exd5 Qxd5 4. d4 Nc6 5. Nf3 Bg4 6. Be2 e6 7. 0-0 Nf6 8. Be3 cxd4 9. cxd4 Be7 10. Nc3 Qa5 11. Qb3 Qc7 12. Rfd1 0-0 13. h3 Bf5 14. Nh4 Be4 15. Nxe4 Nxe4 16. Nf3 Nf6 17. Rac1 Bd6 18. Qd3 Qa5 19. a3 h6 20. Nd2 Rad8 21. b4 Qa4 22. Nc4 Qb5 23. Qc2 Qf5 24. Qxf5 exf5 25. Nxd6 Rxd6 26. b5 Na5 27. Bf3 Rfd8 28. Rc7 Nd5 29. Bxd5 Rxd5 30. a4 f4 31. Bxf4 Rxd4 32. Rxd4 Rxd4 33. Be3 Rxa4 34. Bxa7 Rb4 35. Rc5 Nc4 36. Rd5 Rb1+ 37. Kh2 Rb3 38. f3 Kh7 39. Rd4 Ne5 40. b6 Rxf3 41. Re4 Rf5 42. Rd4 Rf6 43. Rd8 Re6 44. Rb8 Re7 45. Rc8 Nc6 46. Kg3 Kg6 47. Kf3 Kf6 48. Rg8 Rd7 49. Re8 Re7 50. Rg8 h5 51. Rc8 g6 52. Kf4 h4 53. Kg4 g5 0-1

[Event "Mediterranean Flower (Women) 13th"]
[Site "Rijeka"]
[Date "2013.03.13"]
[Round "6"]
[White "Vujic, Agata"]
[Black "Racki, Barbara"]
[Result "0-1"]
[WhiteElo "1585"]
[BlackElo "1930"]
[PlyCount "60"]
[EventDate "2013.03.09"]
[EventType "swiss"]
[EventRounds "9"]
[EventCountry "CRO"]
[SourceTitle "CBM 153 Extra"]
[Source "ChessBase"]
[SourceDate "2013.04.22"]
[SourceVersion "1"]
[SourceVersionDate "2013.04.22"]
[SourceQuality "1"]

1. e4 e5 2. Nf3 Nc6 3. Bc4 Bc5 4. 0-0 Nf6 5. d3 d6 6. h3 Be6 7. Bb3 Bb6 8. Bg5 h6 9. Bh4 Qd7 10. Kh2 g5 11. Bg3 0-0-0 12. Bxe6 fxe6 13. Nc3 a6 14. Qd2 Rdg8 15. Ne2 Qg7 16. Kg1 h5 17. c3 h4 18. Bh2 g4 19. hxg4 Nxg4 20. Ne1 Rh6 21. Rd1 Rg6 22. d4 Nxh2 23. Kxh2 Rxg2+ 24. Kh1 exd4 25. Qd3 dxc3 26. Qxc3 Qg4 27. Qf3 Qxf3 28. Nxf3 Rxf2 29. Rxf2 Bxf2 30. b3 Rg4 0-1

[Event "CRO-chT (Women) 21st"]
[Site "Sibenik"]
[Date "2012.09.25"]
[Round "4.2"]
[White "Racki, Barbara"]
[Black "Purgar, Ivona"]
[Result "1/2-1/2"]
[WhiteElo "1902"]
[BlackElo "2153"]
[PlyCount "60"]
[EventDate "2012.09.23"]
[EventType "team-tourn"]
[EventRounds "9"]
[EventCountry "CRO"]
[SourceTitle "CBM 150 Extra"]
[Source "ChessBase"]
[SourceDate "2012.10.19"]
[SourceVersion "1"]
[SourceVersionDate "2012.10.19"]
[SourceQuality "1"]
[WhiteTeam "Ravna Gora Goranka (W)"]
[BlackTeam "Zagreb Mladost (W)"]
[WhiteTeamCountry "CRO"]
[BlackTeamCountry "CRO"]

1. e4 c5 2. c3 Nf6 3. e5 Nd5 4. d4 cxd4 5. Nf3 e6 6. cxd4 Nc6 7. Bc4 d6 8. Qe2 Be7 9. 0-0 0-0 10. Re1 Bd7 11. Qe4 Rc8 12. a3 Na5 13. Ba2 Ba4 14. Qg4 Bc2 15. Bxd5 exd5 16. Nc3 Nb3 17. Nxd5 dxe5 18. Qxc8 Qxd5 19. Qxc2 Nxa1 20. Qb1 Nb3 21. Rxe5 Qd7 22. Be3 Bf6 23. Rh5 g6 24. Rh3 Nxd4 25. Nxd4 Bxd4 26. Bxd4 Qxd4 27. Rd3 Qe5 28. Re3 Qd4 29. Rd3 Qe5 30. Re3 Qd4 1/2-1/2